Management of Public Relations and Communication (Record no. 3952)

MARC details
000 -LEADER
fixed length control field 00449nam a22001697a 4500
005 - DATE AND TIME OF LATEST TRANSACTION
control field 20160625105336.0
008 - FIXED-LENGTH DATA ELEMENTS--GENERAL INFORMATION
fixed length control field 160625b xxu||||| |||| 00| 0 eng d
020 ## - INTERNATIONAL STANDARD BOOK NUMBER
ISBN 81-259-1846-9
041 ## - LANGUAGE CODE
Language code of text/sound track or separate title eng
082 ## - DEWEY DECIMAL CLASSIFICATION NUMBER
Item number 10019
100 ## - MAIN ENTRY--AUTHOR NAME
Personal name Sengurla, Sailesh
245 ## - TITLE STATEMENT
Title Management of Public Relations and Communication
260 ## - PUBLICATION, DISTRIBUTION, ETC. (IMPRINT)
Place of publication New Delhi
Name of publisher Vikas Publishing House (P) Ltd.
Year of publication 2005
300 ## - PHYSICAL DESCRIPTION
Number of Pages 440
650 ## - SUBJECT ADDED ENTRY--TOPICAL TERM
Topical Term Management
942 ## - ADDED ENTRY ELEMENTS (KOHA)
Koha item type Books
Holdings
Lost status Damaged status Collection code Home library Current library Shelving location Date acquired Cost, normal purchase price Full call number Accession Number Koha item type
    MANAGEMENT JRU Library JRU Library SHELF-62 -N 25/06/2016 245.00 10019 10019 Books
    MANAGEMENT JRU Library JRU Library SHELF-62 -N 25/06/2016 245.00 10019 10020 Books
    MANAGEMENT JRU Library JRU Library SHELF-62 -N 25/06/2016 245.00 10019 10021 Books
    MANAGEMENT JRU Library JRU Library SHELF-62 -N 25/06/2016 245.00 10019 10022 Books